LEADER 02781nam 22005891 450 001 9910798661803321 005 20170705133851.0 010 $a1-4742-9291-7 010 $a1-4742-9290-9 024 7 $a10.5040/9781474292917 035 $a(CKB)3710000000840694 035 $a(EBL)4653875 035 $a(MiAaPQ)EBC4653875 035 $a(Au-PeEL)EBL4653875 035 $a(CaPaEBR)ebr11251390 035 $a(CaONFJC)MIL950270 035 $a(OCoLC)957490939 035 $a(OCoLC)1089438940 035 $a(UtOrBLW)bpp09262743 035 $a(EXLCZ)993710000000840694 100 $a20180205d2018 uy 0 101 0 $aeng 135 $aur|n|---||||| 181 $2rdacontent 182 $2rdamedia 183 $2rdacarrier 200 10$aMaking the Black Atlantic $eBritain and the African diaspora /$fJames Walvin 210 1$aLondon :$cBloomsbury Publishing,$d2018. 215 $a1 online resource (210 p.) 225 1 $aThe history of the transatlantic slave trade: Bloomsbury Academic collections 300 $aIncludes index. 311 $a1-4742-9289-5 311 $a0-304-70216-1 320 $aIncludes bibliographical references and index. 327 $a1.Before the British -- 2.The Coming of the British -- 3.Origins and Destinations -- 4.Plantations -- 5.Slave Culture -- 6.Profiting from Slavery -- 7.Black Britain -- 8.The Fruits of Slave Labour -- 9.Quakers and Other Friends -- 10.Attacking Slavery -- 11.Consequences. 330 $a"The British role in the shaping of the African diaspora was central: the British carried more Africans across the Atlantic than any other nation and their colonial settlements in the Caribbean and North America absorbed vast numbers of Africans. The crops produced by those slaves helped to lay the foundations for Western material well-being, and their associated cultural habits helped to shape key areas of Western sociability that survive to this day. Britain was also central in the drive to end slavery, in her own possessions and elsewhere in the world. Making the Black Atlantic presents a coherent story of Britain's role in the African diaspora, its origins, progress, and transformation."--Bloomsbury Publishing. 410 0$aBloomsbury academic collections.$pHistory of the transatlantic slave trade. 606 $aSlave trade$zAfrica, West 606 $aSlave trade$zGreat Britain 606 $aSlave trade$zNorth Atlantic Region 606 $2General & world history 615 0$aSlave trade 615 0$aSlave trade 615 0$aSlave trade 676 $a382/.44 700 $aWalvin$b James$0218359 801 0$bUtOrBLW 801 1$bUtOrBLW 906 $aBOOK 912 $a9910798661803321 996 $aMaking the Black Atlantic$93671213 997 $aUNINA LEADER 02103nam 2200457 450 001 9910792730203321 005 20230809223322.0 010 $a0-309-45476-X 010 $a0-309-45474-3 035 $a(CKB)3710000001118387 035 $a(MiAaPQ)EBC4825047 035 $a(EXLCZ)993710000001118387 100 $a20170331h20172017 uy 0 101 0 $aeng 135 $aurcnu|||||||| 181 $2rdacontent 182 $2rdamedia 183 $2rdacarrier 200 10$aHealth insurance and insights from health literacy $ehelping consumers understand : proceedings of a workshop /$fJoe Alper, rapporteur ; Roundtable on Health Literacy, Board on Population Health and Public Health Practice, Health and Medicine Division, the National Academies of Sciences, Engineering, Medicine 210 1$aWashington, District of Columbia :$cNational Academies Press,$d2017. 210 4$dİ2017 215 $a1 online resource (129 pages) $cillustrations (some color), maps 311 $a0-309-45473-5 320 $aIncludes bibliographical references. 327 $aIntroduction -- Lessons from 3 years of experience -- Challenges faced in helping the uninsured get and use health insurance -- Solutions -- Successful efforts to address challenges -- Moderated panel discussion to review lessons from the day -- Reflections on the day -- References -- Appendix A: Workshop agenda -- Appendix B: Biographical sketches of workshop speakers, moderators, and reactors. 606 $aHealth insurance$zUnited States$vCongresses 606 $aHealth literacy$zUnited States$vCongresses 607 $aUnited States$2fast 615 0$aHealth insurance 615 0$aHealth literacy 676 $a368.4200973 700 $aAlper$b Joe$01103652 702 $aAlper$b Joe 712 02$aNational Academies of Sciences, Engineering, and Medicine (U.S.).$bRoundtable on Health Literacy, 801 0$bMiAaPQ 801 1$bMiAaPQ 801 2$bMiAaPQ 906 $aBOOK 912 $a9910792730203321 996 $aHealth insurance and insights from health literacy$93747792 997 $aUNINA